000 00453nam a2200157Ia 4500
008 240729s9999 xx 000 0 und d
022 _a1948-660X
245 0 _aJournal of Spatial Information Science
260 _aAustralia
260 _bUniversity of Maine
650 _a Geography (General)
650 _aGeography. Anthropology. Recreation
856 _uhttps://doaj.org/toc/d494c6998c1f4dd0bd66734447a01bae
942 _2ddc
942 _cDOAJEJ
999 _c71177
_d71177
945 _a1
_bMadushi Gamage
_c1
_dMadushi Gamage